Loading...
| Social Science | 1 | 8 | 1 | 1 | 90 | 41 | 100.78 | 2 | 5 | 9.54 | 28.27 |
| History - American | 0 | 7 | 0 | 0 | 70 | 74 | 92.71 | 0 | 3 | 15.86 | 29.35 |
| Beliefs | 0 | 6 | 0 | 1 | 60 | 85 | 112.67 | 0 | 3 | 4.77 | 18.39 |
| History - European | 0 | 5 | 0 | 0 | 50 | 110 | 123.00 | 0 | 0 | 4.01 | 13.92 |
| Literature - European | 0 | 5 | 1 | 0 | 45 | 111 | 124.00 | 0 | 1 | 4.37 | 18.99 |
| History - Ancient | 0 | 5 | 1 | 0 | 45 | 79 | 94.20 | 2 | 4 | 19.67 | 56.57 |
| Fine Arts - Other Arts | 0 | 4 | 0 | 3 | 40 | 123 | 134.25 | 0 | 1 | 0.84 | 9.73 |
| History - World | 1 | 3 | 2 | 1 | 35 | 66 | 99.75 | 1 | 1 | 7.03 | 18.18 |
| Visual Arts | 0 | 4 | 1 | 1 | 35 | 89 | 123.50 | 0 | 1 | 3.68 | 19.87 |
| Other Academic | 0 | 3 | 0 | 1 | 30 | 89 | 103.67 | 0 | 0 | 10.25 | 17.78 |
| History - Other | 0 | 3 | 0 | 0 | 30 | 101 | 109.33 | 0 | 1 | 13.19 | 33.67 |
| Science - Other | 0 | 3 | 1 | 0 | 25 | 102 | 113.33 | 0 | 0 | 2.49 | 5.20 |
| Literature - World | 0 | 3 | 1 | 1 | 25 | 146 | 148.00 | 0 | 0 | 0.31 | 7.05 |
| Science - Biology | 0 | 2 | 0 | 0 | 20 | 97 | 105.00 | 0 | 0 | 2.96 | 6.36 |
| Modern World | 1 | 1 | 1 | 1 | 20 | 37 | 78.00 | 0 | 1 | 14.15 | 20.18 |
| Literature - American | 0 | 2 | 1 | 0 | 15 | 143 | 148.00 | 0 | 0 | 0.10 | 4.48 |
| Science - Chemistry | 0 | 1 | 0 | 0 | 10 | 124 | 124.00 | 0 | 0 | 0.30 | 2.80 |
| Literature - British | 0 | 1 | 0 | 0 | 10 | 128 | 128.00 | 0 | 0 | 0.95 | 2.10 |
| Geography | 0 | 1 | 0 | 1 | 10 | 139 | 139.00 | 0 | 1 | 0.71 | 25.00 |
| Philosophy | 0 | 0 | 1 | 0 | -5 | 0.00 | 0 | 0 | 0.00 | 0.00 |